Top 200 drugs: Generic Names by Brand Names and Purpose (Part I) - Statistics

General Stats
  • This quiz has been taken 16 times
  • The average score is 10 of 20
Answer Stats
Purpose Brand Generic % Correct
Thyroid Hormone Synthroid Levothroid Unithroid Levoxyl Levothyroxine
93%
Anti-biotic Amoxil Amoxicillin
86%
Pain Relief Vicodin Hydrocodone | APAP
71%
Cholesterol Lipitor Atorvastatin
64%
N.S.A.I.D. Advil Ibuprofen
64%
Anti-Diabetic Glucophage Metformin
57%
Anti-Biotic Zithromax Azithromycin
50%
G.E.R.D. Nexium Esomeprazole
50%
Anti-Depressant Zoloft Sertraline
50%
Cholesterol Zocor Simvastatin
50%
Asthma Inhaler ProAir Albuterol
43%
Anti-Platelet Plavix Clopidogrel
43%
Anti-Depressant Lexapro Escitalopram
43%
Diuretic Lasix Furosemide
43%
A.C.E inhibitor Prinivil Lisinopril
43%
Beta Blocker Lopressor Metoprolol
43%
Cholesterol Crestor Rosuvastatin
43%
Diuretic HCTZ/ Hydrodiuril / Microzide Hydrochlorothiazide
29%
Asthma Singulair Montelukast
29%
Insomnia Ambien Zolpiden
14%
No matching quizzes found
Score Distribution
Percent of People with Each Score
Percentile by Number Answered
Your Score History
You have not taken this quiz